| 000 | 00947cam a2200313 i 4500 | ||
|---|---|---|---|
| 001 | 38986 | ||
| 005 | 20230410101628.0 | ||
| 008 | 780505s1976 xx b 000 0 fre | ||
| 010 | _a 78346879 | ||
| 035 | _a(OCoLC)ocm03453006 | ||
| 040 |
_aDLC _cDLC |
||
| 035 | _a(OCoLC)3453006 | ||
| 043 |
_an-us--- _anwht--- |
||
| 050 | 1 | 4 |
_a110 E 183.8 _bL382h 1976 |
| 082 | 0 | 0 | _a973.3/1 |
| 100 | 1 | _aLaurent, Gerard Mentor. | |
| 245 | 1 | 0 |
_aHaiti et l'independance americaine / _cGerard M. Laurent. |
| 260 |
_a[s.l. : _bs.n., _c1976] |
||
| 300 |
_a147 p. ; _c21 cm. |
||
| 504 | _aBibliography: p. 143-147. | ||
| 651 | 0 |
_aUnited States _xHistory _yRevolution, 1775-1783 _xParticipation, Haitian. |
|
| 651 | 0 |
_aUnited States _xForeign relations _zHaiti. |
|
| 651 | 0 |
_aHaiti _xForeign relations _zUnited States. |
|
| 651 | 0 |
_aHaiti _xHistory. |
|
| 650 | 4 | _aCEH | |
| 650 | 4 | _aColección Estudios Haitianos | |
| 942 |
_2lcc _cbk |
||
| 994 |
_aC0 _bDRFGD |
||
| 999 |
_c11242 _d11242 |
||